Score 0/17 Timer 02:00
0 Plays Today
Film Title Missing Word % Correct
All I __________ for ChristmasWant
97.4%
Santa Claus is __________ to TownComing
95%
__________ the SnowmanFrosty
94.6%
A __________ StoryChristmas
93.1%
__________ on 34th StreetMiracle
91.6%
__________ for the HolidaysHome
90.5%
It's a __________ LifeWonderful
84%
__________ All the WayJingle
73.7%
Love __________Actually
60.7%
Film Title Missing Word % Correct
__________ Crazy NightsEight
60.3%
Rudolph the Red-Nosed Reindeer & the Island of __________ ToysMisfit
56.4%
The __________ Without a Santa ClausYear
52.6%
The __________ StoneFamily
35.8%
The Bishop's __________Wife
30.1%
It's a Very Merry __________ Christmas MovieMuppet
21.5%
Christmas in __________Connecticut
10.4%
Emmet __________ Jug-Band ChristmasOtter's
10.1%

Today's Daily Dose

Remove Ads.
Support Sporcle.
Get the best of Sporcle when you Go Orange. This ad-free experience offers more features, more stats, and more fun while also helping to support Sporcle. Thank you for becoming a member.

You're not logged in!

Compare scores with friends on all Sporcle quizzes.
OR
Log In

Show Comments

Extras

Top Quizzes Today


Score Distribution

Your Account Isn't Verified!

In order to create a playlist on Sporcle, you need to verify the email address you used during registration. Go to your Sporcle Settings to finish the process.

Report this User

Report this user for behavior that violates our Community Guidelines.

Details: